Best MLB players by each postion of all-time - Statistics

General Stats
  • This quiz has been taken 579 times
  • The average score is 10 of 14
Answer Stats
Position Team Answer % Correct
Cather Yankees Yogi Berra
89%
Right Field Braves Hank Aaron
87%
Center Field Giants Willie Mays
87%
Relief Pitchers Yankees Mariano Rivera
83%
Third Base Phillies Mike Schmidt
82%
First Base Yankees Lou Gehrig
81%
Left Field Red Sox Ted Williams
79%
Desiganted Hitter White Sox Frank Thomas
78%
Shortstop Pirates Honus Wagner
70%
Right Handed Pitcher Senators Walter Johnson
68%
Broadcaster Dodgers Vin Scully
57%
Left Handed Pitcher Braves Warren Spahn
47%
Second Base Pirates Rogers Hornsby
25%
Managers Giants John McGraw
17%
No matching quizzes found
Score Distribution
Percent of People with Each Score
Percentile by Number Answered
Your Score History
You have not taken this quiz